[Event "GER-chB Seniors 26th"]
[Site "Bad Neuenahr"]
[Date "2014.08.06"]
[Round "2"]
[White "Meyer, Walter"]
[Black "Zimmermann, Michael"]
[Result "0-1"]
[WhiteElo "1857"]
[BlackElo "1825"]
[PlyCount "48"]
[EventDate "2014.08.05"]
[EventType "swiss"]
[EventRounds "9"]
[EventCountry "GER"]
[SourceTitle "EXT 2018"]
[Source "ChessBase"]
[SourceDate "2017.10.13"]
[SourceVersion "1"]
[SourceVersionDate "2017.10.13"]
[SourceQuality "1"]

1. c4 c5 2. Nc3 d6 3. d3 e5 4. g3 Nc6 5. Bg2 Be6 6. e4 g6 7. Nge2 Qd7 8. 0-0 Bh3 9. f4 Bxg2 10. Kxg2 Nge7 11. Nd5 Nxd5 12. exd5 Ne7 13. Nc3 Bg7 14. Qf3 0-0 15. Ne4 f6 16. Bd2 h6 17. fxe5 fxe5 18. Qe2 Nf5 19. Bc3 Rf7 20. b4 b6 21. bxc5 dxc5 22. Rf3 Raf8 23. Raf1 Qe7 24. g4 Nh4+ 0-1

[Event "Mittelrhein-ch"]
[Site "Germany"]
[Date "2013.06.01"]
[Round "4"]
[White "Whitmire, James David"]
[Black "Zimmermann, Michael"]
[Result "1-0"]
[WhiteElo "1988"]
[BlackElo "1782"]
[PlyCount "95"]
[EventDate "2013.05.29"]
[EventType "swiss"]
[EventRounds "5"]
[EventCountry "GER"]
[SourceTitle "EXT 2015"]
[Source "ChessBase"]
[SourceDate "2014.11.20"]
[SourceVersion "1"]
[SourceVersionDate "2014.11.20"]
[SourceQuality "1"]

1. d4 d5 2. Nf3 e6 3. a3 a5 4. Bf4 Bd6 5. Bg3 f5 6. e3 Nf6 7. Be2 0-0 8. c4 c6 9. Nc3 Qe7 10. 0-0 Nbd7 11. Ne5 g6 12. c5 Bb8 13. Nxd7 Nxd7 14. Bxb8 Rxb8 15. f4 b5 16. b4 a4 17. Nb1 Rb7 18. Nd2 Qg7 19. Nf3 Nf6 20. Ne5 Rc7 21. Nxc6 Rxc6 22. Bxb5 Rc7 23. Bxa4 Ne4 24. Bc2 Ba6 25. Bd3 Bxd3 26. Qxd3 Ra7 27. b5 Ra4 28. b6 Qd7 29. Rfb1 Rc4 30. Qb3 Qb7 31. Rc1 Rxc1+ 32. Rxc1 Rb8 33. a4 Qa6 34. Qb5 Qxb5 35. axb5 Kf7 36. Ra1 Ke8 37. Ra7 Nf6 38. c6 Rxb6 39. Ra8+ Ke7 40. c7 Rxb5 41. c8Q Rb1+ 42. Kf2 Ne4+ 43. Ke2 Rb2+ 44. Kd1 Nf2+ 45. Ke1 Nd3+ 46. Kf1 Rb1+ 47. Ke2 Nc1+ 48. Kf3 1-0